[Event "Bundesliga 2021-22"]
[Site "Munich GER"]
[Date "2022.04.30"]
[Round "5.1"]
[Board "3"]
[White "Rozentalis, Eduardas"]
[Black "Johansson, Linus"]
[Result "1-0"]
[WhiteTitle "GM"]
[BlackTitle "IM"]
[WhiteElo "2539"]
[BlackElo "2473"]
[WhiteTeam "BCA Augsburg"]
[BlackTeam "FC Bayern Muenchen"]
[WhiteFideId "12800023"]
[BlackFideId "1711113"]
[EventDate "2022.03.05"]

1. e4 e6 2. d4 d5 3. Nd2 c5 4. Ngf3 cxd4 5. Nxd4 Nc6 6. Nxc6 bxc6 7. Bd3 Nf6 8.
O-O Be7 9. e5 Nd7 10. Nf3 Qc7 11. Re1 Nc5 12. Be3 a5 13. Rc1 h6 14. Nd4 Ba6 15.
Bxa6 Rxa6 16. c4 Qd7 17. cxd5 Qxd5 18. Qe2 Ra8 19. Red1 Rd8 20. b3 O-O 21. Nf5
exf5 22. Rxd5 Rxd5 23. Bxc5 Bxc5 24. e6 Re8 25. exf7+ Kxf7 26. Qh5+ g6 27. Qxh6
Re2 28. Qh7+ Kf6 29. h4 Rxa2 30. h5 gxh5 31. Qh6+ Kf7 32. Qxc6 Bxf2+ 33. Kf1
Rad2 34. Qb7+ Ke6 35. Rc6+ Ke5 36. Qc7+ Kd4 37. Qf4+ Kd3 38. Qc4+ 1-0

[Event "Bundesliga 2021-22"]
[Site "Munich GER"]
[Date "2022.04.30"]
[Round "5.1"]
[Board "4"]
[White "Lokander, Martin"]
[Black "Arnaudov, G. Petar"]
[Result "1-0"]
[WhiteTitle "IM"]
[BlackTitle "GM"]
[WhiteElo "2475"]
[BlackElo "2469"]
[WhiteTeam "FC Bayern Muenchen"]
[BlackTeam "BCA Augsburg"]
[WhiteFideId "1709569"]
[BlackFideId "2907127"]
[EventDate "2022.03.05"]

1. d4 Nf6 2. c4 e6 3. Nf3 Bb4+ 4. Nc3 b6 5. Bd2 Bb7 6. e3 O-O 7. Bd3 d6 8. O-O
Nbd7 9. a3 Bxc3 10. Bxc3 Ne4 11. Be1 f5 12. Nd2 Qg5 13. f4 Qg6 14. Nxe4 Bxe4 15.
Bxe4 fxe4 16. Qa4 Nf6 17. Qc6 Qf7 18. b4 d5 19. Bh4 Ng4 20. Rae1 Nh6 21. cxd5
exd5 22. f5 Rae8 23. Bg5 Nxf5 24. g4 Re6 25. Qxd5 Ne7 26. Qd7 Rf6 27. Bxf6 gxf6
28. Qxc7 Qe6 29. Qf4 Rf7 30. Kh1 Kg7 31. Rc1 Nd5 32. Qf5 Qxf5 33. Rxf5 Rd7 34.
Rxd5 Rxd5 35. Rc7+ Kg6 36. Rxa7 h5 37. Re7 hxg4 38. Rxe4 Kg5 39. Re6 Rd8 40. Rc6
Ra8 41. Rc3 Kf5 42. Kg2 Ke4 43. Rc6 Kxe3 44. Rxf6 b5 45. Kg3 Kxd4 46. Kxg4 Rxa3
47. h4 Kc3 48. Rf4 Ra8 49. h5 Rg8+ 50. Kf5 Rf8+ 51. Ke5 Rh8 52. Rh4 Rh6 53. Kf5
Kb3 54. Kg5 Rh8 55. h6 Ka4 56. Kg6 Rg8+ 57. Kf7 Ra8 58. h7 Kb3 59. Kg7 Ra7+ 60.
Kg6 Ra8 61. Kg7 Ra7+ 62. Kf6 Ra8 63. h8=Q Rxh8 64. Rxh8 Kxb4 65. Ke5 Kc3 66.
Rc8+ Kd3 67. Rb8 Kc4 68. Ke4 1-0

[Event "Bundesliga 2021-22"]
[Site "Munich GER"]
[Date "2022.04.30"]
[Round "5.1"]
[Board "5"]
[White "Braeuer, Franz"]
[Black "Ribli, Zoltan"]
[Result "1/2-1/2"]
[WhiteTitle "IM"]
[BlackTitle "GM"]
[WhiteElo "2428"]
[BlackElo "2523"]
[WhiteTeam "BCA Augsburg"]
[BlackTeam "FC Bayern Muenchen"]
[WhiteFideId "24634468"]
[BlackFideId "700010"]
[EventDate "2022.03.05"]

1. e4 c5 2. Nf3 e6 3. d4 cxd4 4. Nxd4 Nc6 5. Nc3 Qc7 6. g3 a6 7. Bg2 Nf6 8. O-O
h5 9. Re1 Nxd4 10. Qxd4 Bc5 11. Bf4 d6 12. Qd2 Ng4 13. Re2 Ne5 14. Na4 Ba7 15.
b3 Bd7 16. Nb2 Rd8 17. Be3 Bxe3 18. Qxe3 O-O 19. Rd2 Ng4 20. Qd4 Bc6 21. Rad1 d5
22. h3 Nh6 23. exd5 Bxd5 24. Qh4 Nf5 25. Qg5 Ne7 26. Qxh5 Bxg2 27. Kxg2 Rxd2 28.
Rxd2 Qc3 29. Nc4 Nd5 30. Qe5 Qb4 31. Rd4 Rd8 32. Rg4 Qf8 33. Nd2 Nf6 34. Qxf6
Rxd2 35. Qc3 Rd5 36. Rc4 Qd6 37. Rc8+ Kh7 38. Qc7 Qd7 39. Qxd7 Rxd7 40. Kf3 Kg6
41. Ke3 e5 42. c4 f6 43. c5 Kh6 44. c6 bxc6 45. Rxc6 a5 46. Rc5 Ra7 47. a4 Kg6
48. Kd3 Ra8 49. Ke4 Ra7 50. Rb5 Ra8 51. f4 exf4 52. Kxf4 Ra7 53. h4 Ra8 54. Ke4
Ra7 55. Kd4 Ra8 56. Kc4 Kh6 57. b4 axb4 58. Kxb4 Re8 59. Rc5 Rb8+ 60. Kc3 Rb1
61. a5 Rg1 62. a6 Ra1 63. Rc6 Kh5 64. Kb2 Ra5 65. Kb3 Kg4 66. Rc4+ Kxg3 67. Ra4
Rb5+ 68. Rb4 Ra5 69. Ra4 Rb5+ 70. Rb4 Ra5 71. Ra4 Rb5+ 1/2-1/2

[Event "Bundesliga 2021-22"]
[Site "Munich GER"]
[Date "2022.04.30"]
[Round "5.1"]
[Board "6"]
[White "Schneider, Stefan"]
[Black "Schmittdiel, Eckhard"]
[Result "1/2-1/2"]
[WhiteTitle "IM"]
[BlackTitle "GM"]
[WhiteElo "2375"]
[BlackElo "2402"]
[WhiteTeam "FC Bayern Muenchen"]
[BlackTeam "BCA Augsburg"]
[WhiteFideId "1703013"]
[BlackFideId "4600096"]
[EventDate "2022.03.05"]

1. d4 Nf6 2. c4 e6 3. Nf3 b6 4. g3 Bb7 5. Bg2 Bb4+ 6. Bd2 Bxd2+ 7. Qxd2 d6 8.
O-O O-O 9. Nc3 Nbd7 10. d5 e5 11. Qc2 Qe7 12. e4 c6 13. Nh4 g6 14. dxc6 Bxc6 15.
b4 Rac8 16. Qd3 Rfd8 17. Bh3 Rc7 18. Rfc1 Nf8 19. Nd5 Nxd5 20. cxd5 Be8 21. Qe3
Rb8 22. Rxc7 Qxc7 23. Rc1 Qd8 24. a3 a5 25. Qd2 axb4 26. axb4 Ra8 27. Ng2 Nd7
28. Ne3 1/2-1/2

[Event "Bundesliga 2021-22"]
[Site "Munich GER"]
[Date "2022.04.30"]
[Round "5.1"]
[Board "7"]
[White "Costa, Leonardo"]
[Black "Lindgren, Philip"]
[Result "1/2-1/2"]
[WhiteTitle "FM"]
[BlackTitle "IM"]
[WhiteElo "2320"]
[BlackElo "2356"]
[WhiteTeam "BCA Augsburg"]
[BlackTeam "FC Bayern Muenchen"]
[WhiteFideId "16213955"]
[BlackFideId "1713230"]
[EventDate "2022.03.05"]

1. e4 c6 2. d4 d5 3. e5 Bf5 4. Nd2 e6 5. Nb3 Nd7 6. Nf3 Bg6 7. Be2 Nh6 8. O-O
Nf5 9. Bd2 Be7 10. a4 O-O 11. a5 c5 12. Nxc5 Nxc5 13. dxc5 Bxc5 14. b4 Be7 15.
Rc1 Rc8 16. Bd3 Nh4 17. Nd4 Qd7 18. Qg4 Rfd8 19. Rfe1 a6 20. g3 Nf5 21. Nf3 Rc7
22. Rb1 Rdc8 23. Rb2 Bf8 24. Reb1 Ne7 25. b5 Bf5 26. Qa4 h6 27. Qb3 axb5 28.
Qxb5 Nc6 29. Bxf5 exf5 30. Qd3 Bc5 31. Bf4 Qe6 32. Rb5 Nd8 33. h4 Rd7 34. c3 Qg6
35. Nd4 Bxd4 36. cxd4 Ne6 37. Be3 Qg4 38. Qd1 Qe4 39. Rxb7 Rxb7 40. Rxb7 f4 41.
gxf4 Nxf4 42. Bxf4 Qxf4 43. Kg2 Rc1 44. Rb8+ Kh7 45. Qd3+ g6 46. Rb3 Qxh4 47.
Qh3 Qxd4 48. Qf3 Rc7 49. a6 Qxe5 50. Rb7 Qg5+ 51. Kh3 Qd8 52. Rxc7 Qxc7 53. Qxd5
Qc8+ 54. Kh2 Qxa6 55. Qxf7+ Kh8 56. Qf8+ Kh7 57. Qf7+ Kh8 1/2-1/2

[Event "Bundesliga 2021-22"]
[Site "Munich GER"]
[Date "2022.04.30"]
[Round "5.1"]
[Board "8"]
[White "Rafiee, Makan"]
[Black "Pitl, Gregory"]
[Result "1/2-1/2"]
[WhiteTitle "FM"]
[BlackTitle "IM"]
[WhiteElo "2338"]
[BlackElo "2379"]
[WhiteTeam "FC Bayern Muenchen"]
[BlackTeam "BCA Augsburg"]
[WhiteFideId "24609340"]
[BlackFideId "4651693"]
[EventDate "2022.03.05"]

1. e4 c6 2. d4 d5 3. Nc3 dxe4 4. Nxe4 Nf6 5. Nxf6+ exf6 6. c3 Bd6 7. Bd3 O-O 8.
Qc2 Re8+ 9. Ne2 h6 10. Bd2 Be6 11. O-O Qc7 12. Ng3 Nd7 13. f4 b5 14. b3 Qb6 15.
Kh1 c5 16. c4 Nf8 17. d5 Bd7 18. Bc3 Qc7 19. Qf2 Ng6 20. Bd2 Rab8 21. Ne4 bxc4
22. bxc4 Rb2 23. Nxd6 Qxd6 1/2-1/2

[Event "Bundesliga 2021-22"]
[Site "Munich GER"]
[Date "2022.04.30"]
[Round "5.2"]
[Board "1"]
[White "Nisipeanu, Liviu-Dieter"]
[Black "Jones, Gawain C B"]
[Result "1/2-1/2"]
[WhiteTitle "GM"]
[BlackTitle "GM"]
[WhiteElo "2652"]
[BlackElo "2672"]
[WhiteTeam "USV TU Dresden"]
[BlackTeam "Muenchener Schachclub 1836"]
[WhiteFideId "1202758"]
[BlackFideId "409561"]
[EventDate "2022.03.05"]

1. d4 Nf6 2. c4 g6 3. Nc3 Bg7 4. e4 d6 5. Bd3 Nc6 6. Nge2 O-O 7. O-O Nd7 8. Be3
e5 9. d5 Nd4 10. Nb5 Nxb5 11. cxb5 f5 12. exf5 gxf5 13. f4 e4 14. Bc4 Bxb2 15.
Nd4 Bxa1 16. Ne6 Qf6 17. Nxf8 Qc3 18. Re1 Bb2 19. Ne6 Qxc4 20. Qh5 Nf8 21. Qg5+
Ng6 22. Qd8+ Kf7 23. Nxc7 Bc3 24. Qe8+ Kg7 25. Qd8 Kf7 26. Qe8+ Kg7 27. Qd8 1/2-1/2

[Event "Bundesliga 2021-22"]
[Site "Munich GER"]
[Date "2022.04.30"]
[Round "5.2"]
[Board "2"]
[White "Maghsoodloo, Parham"]
[Black "Bartel, Mateusz"]
[Result "1-0"]
[WhiteTitle "GM"]
[BlackTitle "GM"]
[WhiteElo "2701"]
[BlackElo "2616"]
[WhiteTeam "Muenchener Schachclub 1836"]
[BlackTeam "USV TU Dresden"]
[WhiteFideId "12539929"]
[BlackFideId "1112635"]
[EventDate "2022.03.05"]

1. d4 d5 2. c4 c6 3. Nf3 Nf6 4. e3 a6 5. Nc3 e6 6. b3 Bb4 7. Bd2 Nbd7 8. Bd3 O-O
9. O-O Qe7 10. Qc2 e5 11. dxe5 Nxe5 12. Nxe5 Qxe5 13. cxd5 cxd5 14. Ne2 Bd6 15.
Ng3 Qg5 16. f4 Qh4 17. Rf3 Re8 18. Be1 Qh6 19. Rd1 Ne4 20. h3 f5 21. Bxe4 dxe4
22. Rf2 Bf8 23. Bb4 Qh4 24. Kh2 Bxb4 25. Qc4+ Be6 26. Qxb4 Qe7 27. Qa5 g6 28.
Rfd2 Rac8 29. Rd6 Qc7 30. Qb4 a5 31. Qd4 Qc3 32. Qb6 Rc6 33. Rxc6 bxc6 34. Rd6
Bd5 35. Rd7 Rf8 36. Ra7 c5 37. Rxa5 Qxe3 38. Qxc5 Qxc5 39. Rxc5 Be6 40. Nf1 Rd8
41. Kg1 Rd1 42. Kf2 Ra1 43. Rc2 Kf7 44. Ng3 h6 45. h4 Ke7 46. Ne2 Rd1 47. b4 Rb1
48. a3 Bd7 49. Ke3 Rb3+ 50. Rc3 Rb2 51. g3 h5 52. Nd4 Rg2 53. b5 Kd6 54. a4
Rxg3+ 55. Kd2 Rg2+ 56. Kc1 Rg1+ 57. Kb2 Rd1 58. Nc2 Rd5 59. Nb4 Rc5 60. Na6 Rd5
61. Nb4 Rc5 62. Na6 Rd5 63. Rg3 e3 64. Rxe3 Rd4 65. Kb3 Bc8 66. Rc3 Bb7 67. a5
Bd5+ 68. Ka3 Bc4 69. Ka4 Rxf4 70. Nb4 Rxh4 71. a6 Kc7 72. Ka5 Re4 73. b6+ Kd6
74. a7 Re5+ 75. Ka4 Bb5+ 76. Kb3 Re8 77. b7 1-0

[Event "Bundesliga 2021-22"]
[Site "Munich GER"]
[Date "2022.04.30"]
[Round "5.2"]
[Board "3"]
[White "Vogel, Roven"]
[Black "Eljanov, Pavel"]
[Result "1/2-1/2"]
[WhiteTitle "IM"]
[BlackTitle "GM"]
[WhiteElo "2447"]
[BlackElo "2681"]
[WhiteTeam "USV TU Dresden"]
[BlackTeam "Muenchener Schachclub 1836"]
[WhiteFideId "12908088"]
[BlackFideId "14102951"]
[EventDate "2022.03.05"]

1. d4 Nf6 2. c4 e6 3. Nf3 d5 4. g3 dxc4 5. Bg2 c6 6. Ne5 Bb4+ 7. Nc3 Nd5 8. Bd2
b5 9. O-O O-O 10. a4 a5 11. Qc2 f6 12. Nf3 Bxc3 13. bxc3 Bd7 14. Nh4 Ra6 15. Be4
f5 16. Bg2 Nb6 17. Nf3 Nxa4 18. Bg5 Qe8 19. Rxa4 bxa4 20. Ne5 c5 21. dxc5 Bc6
22. Nxc6 Rxc6 23. Bxc6 Qxc6 24. Ra1 Qxc5 25. Qxa4 Nc6 26. Rb1 Qd5 27. Rb5 Qe4
28. Qd1 f4 29. f3 Qe3+ 30. Kg2 e5 31. Rb7 e4 32. Qd7 exf3+ 33. exf3 Qe2+ 34. Kh3
Qe5 35. gxf4 Qf5+ 36. Qxf5 Rxf5 37. Rc7 h6 38. Bh4 Rxf4 39. Rxc6 Rxf3+ 40. Kg4
Rxc3 41. Bg3 a4 42. Kf5 Kh7 43. Rc7 Rf3+ 44. Ke4 Rf6 45. Rxc4 Ra6 46. Rc7 a3 47.
Be5 Kg6 48. Rxg7+ Kh5 49. Kf3 a2 50. Ba1 Kh4 51. Kg2 Rd6 52. Rf7 Rg6+ 53. Kf2
Rd6 54. Rf4+ Kh3 55. Rf3+ Kh4 56. Ra3 Rd2+ 57. Kf3 Rxh2 58. Ra5 Rh3+ 59. Kf4 Rb3
60. Rxa2 Rb4+ 61. Kf5 Kg3 62. Be5+ Kf3 63. Ra3+ Ke2 64. Rh3 Rc4 65. Ke6 h5 66.
Kd5 Rc8 67. Ke4 Re8 68. Rxh5 Re7 69. Rh1 Re8 70. Rh2+ Ke1 71. Ra2 Re7 72. Kd4
Kf1 73. Bf4 Re2 74. Ra8 Re7 75. Bg5 Re6 76. Rg8 Ke2 77. Bf4 Re7 78. Be5 Kf2 79.
Bg3+ Kf3 80. Bd6 Re4+ 81. Kd5 Re1 82. Rg3+ Kf2 83. Rg6 Re8 84. Bc5+ Ke2 85. Rg2+
Kd3 86. Bb6 Re7 87. Rg3+ Ke2 88. Ra3 Rd7+ 89. Kc4 Re7 90. Ra2+ Kf3 91. Kd3 Kg4
92. Ra5 Rf7 93. Rd5 Rf3+ 94. Be3 Rf5 95. Rd7 Kf3 96. Rg7 Rd5+ 97. Bd4 Rf5 98.
Re7 Kg4 99. Re1 Ra5 100. Ke4 Ra4 101. Rg1+ Kh4 102. Ke5 Kh3 103. Rg8 Rb4 104.
Be3 Rg4 105. Ra8 Rb4 106. Ra2 Kg3 107. Bf2+ Kf3 108. Bc5 Re4+ 109. Kd5 Re8 110.
Rf2+ Kg4 111. Bd4 Kg5 112. Rg2+ Kf5 113. Rf2+ Kg5 114. Rg2+ Kf5 115. Rf2+ 1/2-1/2

[Event "Bundesliga 2021-22"]
[Site "Munich GER"]
[Date "2022.04.30"]
[Round "5.2"]
[Board "4"]
[White "Saric, Ivan"]
[Black "Neef, Maximilian"]
[Result "1-0"]
[WhiteTitle "GM"]
[BlackTitle "IM"]
[WhiteElo "2687"]
[BlackElo "2504"]
[WhiteTeam "Muenchener Schachclub 1836"]
[BlackTeam "USV TU Dresden"]
[WhiteFideId "14508150"]
[BlackFideId "24692085"]
[EventDate "2022.03.05"]

1. e4 e6 2. d4 d5 3. Nc3 dxe4 4. Nxe4 Bd7 5. Nf3 Bc6 6. Bd3 Nd7 7. O-O Ngf6 8.
Re1 Nxe4 9. Bxe4 Bxe4 10. Rxe4 Be7 11. Rg4 Bf6 12. h4 Qe7 13. c4 O-O-O 14. Qa4
Kb8 15. Be3 h5 16. Re4 Nb6 17. Qb3 Qd7 18. Ne5 Bxe5 19. Rxe5 Qa4 20. Qxa4 Nxa4
21. b3 Nb6 22. f3 Nc8 23. Re1 b6 24. Bf2 Ne7 25. d5 Ng6 26. Rg5 exd5 27. cxd5
Rh6 28. Bg3 Kb7 29. Rf5 Rd7 30. b4 a6 31. a4 f6 32. d6 cxd6 33. Rd5 Rh8 34. Red1
Rhd8 35. Rxh5 d5 36. Rh7 d4 37. h5 Nf8 38. Rh8 Ne6 39. Rxd8 Nxd8 40. Be1 Nc6 41.
Kf2 b5 42. axb5 axb5 43. f4 f5 44. Kf3 Rd8 45. Bf2 Ra8 46. Bxd4 Rd8 47. Ke3 Nxb4
48. Ke2 Re8+ 49. Be5 Nc6 50. Rd7+ Ka6 51. Rxg7 Nxe5 52. fxe5 Rxe5+ 53. Kf3 b4
54. h6 Re1 55. Rg3 Re8 56. Kf4 Rf8 57. Rh3 Rh8 58. Kxf5 b3 59. Rxb3 Rxh6 60. g4 1-0

[Event "Bundesliga 2021-22"]
[Site "Munich GER"]
[Date "2022.04.30"]
[Round "5.2"]
[Board "5"]
[White "Boensch, Uwe"]
[Black "Berchtenbreiter, Maximilian"]
[Result "1-0"]
[WhiteTitle "GM"]
[BlackTitle "IM"]
[WhiteElo "2494"]
[BlackElo "2513"]
[WhiteTeam "USV TU Dresden"]
[BlackTeam "Muenchener Schachclub 1836"]
[WhiteFideId "4611268"]
[BlackFideId "24641120"]
[EventDate "2022.03.05"]

1. d4 g6 2. c4 Bg7 3. e4 c5 4. d5 d6 5. Bd3 e6 6. Nf3 exd5 7. cxd5 Bg4 8. Nbd2
Nd7 9. O-O Ne7 10. h3 Bxf3 11. Nxf3 O-O 12. Rb1 Rc8 13. Bc4 a6 14. a4 Rb8 15.
Qd3 Nc8 16. Bd2 Ncb6 17. b3 Re8 18. a5 Nxc4 19. bxc4 b6 20. axb6 Qe7 21. b7 Nf6
22. Qb3 Qd7 23. Qb6 Re7 24. e5 dxe5 25. Bg5 Rxb7 26. Qxa6 Ra7 27. Qb6 Qf5 28.
Qb8+ Bf8 29. Rb6 Ne4 30. Bh6 1-0

[Event "Bundesliga 2021-22"]
[Site "Munich GER"]
[Date "2022.04.30"]
[Round "5.2"]
[Board "6"]
[White "Radovanovic, Nikola"]
[Black "Maiwald, Jens-Uwe"]
[Result "0-1"]
[WhiteTitle "IM"]
[BlackTitle "GM"]
[WhiteElo "2419"]
[BlackElo "2426"]
[WhiteTeam "Muenchener Schachclub 1836"]
[BlackTeam "USV TU Dresden"]
[WhiteFideId "900087"]
[BlackFideId "4612396"]
[EventDate "2022.03.05"]

1. e4 c5 2. Nf3 e6 3. d4 cxd4 4. Nxd4 a6 5. c4 Nf6 6. Nc3 Qc7 7. Be2 b6 8. O-O
Bb7 9. Qd3 d6 10. f4 Nbd7 11. b4 Be7 12. a3 g6 13. Bd2 Rc8 14. Rac1 Qb8 15. Nb3
O-O 16. Bf3 Rfd8 17. Qe2 Bf8 18. g4 Bg7 19. g5 Ne8 20. Bg2 Rc7 21. Nd1 Qa8 22.
Nf2 f5 23. Bc3 e5 24. Nd2 exf4 25. Nd3 Bxc3 26. Rxc3 Ng7 27. Nxf4 Re8 28. Qd3
Ne5 29. Qd4 Rf7 30. exf5 Nxf5 31. Qxb6 Bxg2 32. Nxg2 d5 33. c5 d4 34. Rh3 Nd7
35. Qc7 Re2 36. Nf3 Nf8 37. Qb6 Rxg2+ 38. Kxg2 Ne3+ 39. Kf2 Nxf1 40. c6 Qc8 41.
Rh4 Nd2 0-1

[Event "Bundesliga 2021-22"]
[Site "Munich GER"]
[Date "2022.04.30"]
[Round "5.2"]
[Board "7"]
[White "Gauglitz, Gernot"]
[Black "Ciolek, Andreas"]
[Result "0-1"]
[WhiteTitle "IM"]
[BlackTitle "FM"]
[WhiteElo "2392"]
[BlackElo "2191"]
[WhiteTeam "USV TU Dresden"]
[BlackTeam "Muenchener Schachclub 1836"]
[WhiteFideId "4611365"]
[BlackFideId "12906727"]
[EventDate "2022.03.05"]

1. d4 Nf6 2. Nf3 g6 3. g3 Bg7 4. Bg2 O-O 5. O-O d6 6. c4 Nc6 7. Nc3 a6 8. b3 Rb8
9. a4 Bd7 10. h3 e5 11. d5 Nd4 12. Ne1 b5 13. cxb5 axb5 14. e3 Nf5 15. a5 b4 16.
Ne2 Rb5 17. e4 Ne7 18. a6 c5 19. Bb2 Ne8 20. f4 f6 21. Nf3 Qa8 22. g4 h6 23.
fxe5 fxe5 24. Nd2 Rb6 25. Rxf8+ Bxf8 26. a7 Rb7 27. Nc4 Rxa7 28. Rc1 Bg7 29. Ng3
Bb5 30. Bf1 Bxc4 31. Bxc4 Bf6 32. Qf3 Ra2 33. Qf2 Bh4 34. Rf1 Nf6 35. Bd3 Kg7
36. Kh2 Nexd5 37. exd5 Qxd5 38. Bc4 0-1

[Event "Bundesliga 2021-22"]
[Site "Munich GER"]
[Date "2022.04.30"]
[Round "5.2"]
[Board "8"]
[White "Hennig, Dirk"]
[Black "Loxine, Jakov"]
[Result "1-0"]
[WhiteTitle "IM"]
[BlackTitle "IM"]
[WhiteElo "2385"]
[BlackElo "2390"]
[WhiteTeam "Muenchener Schachclub 1836"]
[BlackTeam "USV TU Dresden"]
[WhiteFideId "4601750"]
[BlackFideId "4173031"]
[EventDate "2022.03.05"]

1. d4 Nf6 2. Nf3 g6 3. c4 Bg7 4. g3 O-O 5. Bg2 d6 6. O-O Nbd7 7. Qc2 e5 8. Rd1
exd4 9. Nxd4 Re8 10. Nc3 a6 11. b3 Rb8 12. Bb2 c5 13. Nf3 b5 14. cxb5 Qe7 15.
bxa6 Bxa6 16. e3 Nb6 17. a4 Nc8 18. Rab1 Bb7 19. Ne1 Qe6 20. Nb5 Bxg2 21. Nxg2
Qg4 22. Bxf6 Bxf6 23. Nxd6 Nxd6 24. Rxd6 Be7 25. Rdd1 g5 26. Ne1 Rb6 27. f3 Qe6
28. e4 g4 29. Rd5 Bf6 30. Qxc5 gxf3 31. Nxf3 Qxe4 32. Re1 Be7 33. Rg5+ Kf8 34.
Qxb6 Qxf3 35. Qh6# 1-0

[Event "Bundesliga 2021-22"]
[Site "Solingen GER"]
[Date "2022.04.30"]
[Round "5.3"]
[Board "1"]
[White "Khenkin, Igor"]
[Black "Harikrishna, Pentala"]
[Result "0-1"]
[WhiteTitle "GM"]
[BlackTitle "GM"]
[WhiteElo "2509"]
[BlackElo "2716"]
[WhiteTeam "SK Doppelbauer Turm Kiel"]
[BlackTeam "SG Solingen"]
[WhiteFideId "4659600"]
[BlackFideId "5007003"]
[EventDate "2022.03.05"]

1. d4 Nf6 2. c4 e6 3. Nf3 d5 4. e3 Nbd7 5. Nbd2 c5 6. b3 b6 7. Bb2 Bb7 8. Bd3
dxc4 9. bxc4 Qc7 10. O-O Bd6 11. a4 O-O 12. a5 cxd4 13. exd4 e5 14. axb6 axb6
15. d5 Nc5 16. Qc2 Rae8 17. Rfe1 b5 18. cxb5 e4 19. Nxe4 Ncxe4 20. Qxc7 Bxc7 21.
Bxe4 Rxe4 22. Bxf6 Rxe1+ 23. Rxe1 gxf6 24. b6 Bxb6 25. Rb1 Ra8 26. h3 Bc7 0-1

[Event "Bundesliga 2021-22"]
[Site "Solingen GER"]
[Date "2022.04.30"]
[Round "5.3"]
[Board "2"]
[White "Van Foreest, Jorden"]
[Black "Bjerre, Jonas Buhl"]
[Result "1-0"]
[WhiteTitle "GM"]
[BlackTitle "GM"]
[WhiteElo "2714"]
[BlackElo "2601"]
[WhiteTeam "SG Solingen"]
[BlackTeam "SK Doppelbauer Turm Kiel"]
[WhiteFideId "1039784"]
[BlackFideId "1444948"]
[EventDate "2022.03.05"]

1. e4 e5 2. Nf3 Nf6 3. Nxe5 d6 4. Nd3 Nxe4 5. Qe2 Qe7 6. Nf4 Nc6 7. Nd5 Nd4 8.
Nxe7 Nxe2 9. Nd5 Nd4 10. d3 Nxc2+ 11. Kd1 Nxa1 12. dxe4 Kd8 13. Bg5+ f6 14. Be3
c6 15. Nf4 f5 16. exf5 Bxf5 17. Bd3 Bxd3 18. Nxd3 a5 19. Kd2 a4 20. Nc3 Nb3+ 21.
axb3 axb3 22. Nc1 Ra1 23. Nd1 Be7 24. Nxb3 Ra4 25. Nc3 Rb4 26. Kc2 Bf6 27. Rd1
d5 28. Bc5 Rh4 29. Bd6 Kd7 30. Bg3 Rc4 31. Ra1 b6 32. Nd2 Rb4 33. Ra7+ Ke6 34.
Rc7 c5 35. Rc6+ Kf7 36. Nxd5 Rxb2+ 37. Kc1 Rd8 38. Nc4 Rb3 39. Ncxb6 Bd4 40.
Rc7+ Kg8 41. Ne7+ Kf8 42. Nc6 Re8 43. Nd5 Re1+ 44. Kd2 Rbb1 45. Ne3 Bf6 46. Bd6+
Ke8 47. Ne5 Kd8 48. Nd3 Rg1 49. Rxc5 Bd4 50. Rc7 Bxe3+ 51. Kxe3 Rxg2 52. Ne5 Rd1
53. Rb7 1-0

[Event "Bundesliga 2021-22"]
[Site "Solingen GER"]
[Date "2022.04.30"]
[Round "5.3"]
[Board "3"]
[White "Thybo, Jesper Sondergaard"]
[Black "Ragger, Markus"]
[Result "1/2-1/2"]
[WhiteTitle "GM"]
[BlackTitle "GM"]
[WhiteElo "2590"]
[BlackElo "2647"]
[WhiteTeam "SK Doppelbauer Turm Kiel"]
[BlackTeam "SG Solingen"]
[WhiteFideId "1438832"]
[BlackFideId "1610856"]
[EventDate "2022.03.05"]

1. d4 Nf6 2. c4 g6 3. Nc3 d5 4. Nf3 Bg7 5. Bg5 Ne4 6. Bf4 O-O 7. e3 c5 8. cxd5
Bf5 9. Bd3 Nxc3 10. bxc3 Qxd5 11. O-O Nc6 12. Bxf5 Qxf5 13. Qb1 b6 14. Qxf5 gxf5
15. Rab1 cxd4 16. Nxd4 Rfc8 17. Nxf5 Bxc3 18. Rfc1 Bf6 19. g4 Kf8 20. g5 Bh8 21.
Rc2 Nd8 22. Rd2 e5 23. Bg3 Ne6 24. h4 Rd8 25. Rbd1 Rxd2 26. Rxd2 Rd8 27. Rxd8+
Nxd8 28. Kg2 Ke8 29. Kf3 Kd7 30. Kg4 f6 31. e4 fxg5 32. hxg5 Nf7 33. f3 Kc6 34.
Kh5 b5 35. Be1 Kd7 36. Bb4 Ke6 37. Ba5 Kd7 38. Bb4 Ke6 39. Bc5 a6 40. Bb4 Kd7
41. Ba5 Ke6 42. Bb6 Kd7 43. Nh6 Nd6 44. Bc5 Nb7 45. Ba3 Nd8 46. Bb2 b4 47. f4 a5
48. f5 a4 49. Ng4 Nf7 50. g6 hxg6+ 51. fxg6 Nd6 52. Bxe5 Bxe5 53. Nxe5+ Kc7 54.
Nd3 b3 55. axb3 a3 56. Nb4 Nxe4 57. g7 Nf6+ 58. Kg6 Ng8 59. Kf7 Nh6+ 60. Kg6 Ng8
61. Kf7 Nh6+ 62. Ke6 Ng8 63. Nd5+ Kc6 64. Nc3 Kc5 65. Na2 Nh6 66. Kd7 Kb6 67. b4
Kb5 68. Kc7 Ng8 69. Kd6 Nh6 70. Ke6 Kc4 71. Ke5 Kb5 72. Ke4 Kc4 73. Kf4 Kb5 74.
Kg5 Ng8 75. Kg6 Kc4 76. Kf7 Nh6+ 77. Ke6 Kb5 78. Kd7 Ng8 79. Kd6 Nh6 80. Ke5 Kc4
81. Ke6 Kb5 82. Kd5 Nf5 83. g8=N Ne3+ 84. Kd4 Nc2+ 85. Kc3 Nxb4 86. Nxb4 a2 87.
Nxa2 Kc5 88. Nf6 Kd6 1/2-1/2

[Event "Bundesliga 2021-22"]
[Site "Solingen GER"]
[Date "2022.04.30"]
[Round "5.3"]
[Board "4"]
[White "Tari, Aryan"]
[Black "Meshkovs, Nikita"]
[Result "1-0"]
[WhiteTitle "GM"]
[BlackTitle "GM"]
[WhiteElo "2653"]
[BlackElo "2561"]
[WhiteTeam "SG Solingen"]
[BlackTeam "SK Doppelbauer Turm Kiel"]
[WhiteFideId "1510045"]
[BlackFideId "11602740"]
[EventDate "2022.03.05"]

1. e4 c5 2. Nf3 Nc6 3. Bb5 g6 4. O-O Bg7 5. c3 Nf6 6. Re1 O-O 7. d4 cxd4 8. cxd4
d5 9. e5 Ne4 10. Bxc6 bxc6 11. Be3 Qb6 12. Qc1 Rb8 13. b3 Qa5 14. Nbd2 Bf5 15.
h3 Rfc8 16. Nxe4 Bxe4 17. Ng5 c5 18. Qd1 c4 19. Nxe4 dxe4 20. Bg5 Qd5 21. Bxe7
cxb3 22. axb3 Rxb3 23. Rxa7 h5 24. Ra3 Rb2 25. Bg5 Rcc2 26. Rf1 Bf8 27. Ra1 Qc4
28. Be3 Kh7 29. Rc1 Bh6 30. Rxc2 Rxc2 31. d5 Bxe3 32. fxe3 Kg7 33. e6 f5 34. d6
Qa2 35. Qa1+ Qxa1 36. Rxa1 Rd2 37. e7 1-0

[Event "Bundesliga 2021-22"]
[Site "Solingen GER"]
[Date "2022.04.30"]
[Round "5.3"]
[Board "6"]
[White "Warmerdam, Max"]
[Black "Parvanyan, Ashot"]
[Result "1-0"]
[WhiteTitle "GM"]
[BlackTitle "IM"]
[WhiteElo "2600"]
[BlackElo "2462"]
[WhiteTeam "SG Solingen"]
[BlackTeam "SK Doppelbauer Turm Kiel"]
[WhiteFideId "1048104"]
[BlackFideId "13307550"]
[EventDate "2022.03.05"]

1. c4 Nf6 2. Nc3 g6 3. e4 d6 4. d4 Bg7 5. Nf3 O-O 6. Be2 e5 7. O-O Nc6 8. d5 Ne7
9. b4 a5 10. bxa5 Nh5 11. Re1 f5 12. a4 Nf4 13. Bf1 h6 14. Ra3 g5 15. Nd2 Rxa5
16. Bb2 b6 17. Nb5 Ra8 18. Qa1 Bd7 19. g3 Nfg6 20. a5 bxa5 21. Rxa5 Rb8 22. c5
dxc5 23. Nc3 f4 24. Ba3 Nc8 25. Bxc5 Nd6 26. Ra7 Rf7 27. Rb1 Rxb1 28. Ncxb1 Bf8
29. Qa5 Bc8 30. Qb4 Qf6 31. Qb8 Ne8 32. Qxc8 Bxc5 33. Qxe8+ Nf8 34. Ra6 Bxf2+
35. Kh1 Bb6 36. Qc6 1-0